000 00695nam a2200229 a 4500
005 20230922063850.0
008 140522s2006 es r 000 0 spa d
020 _a8484646025
020 _a9788484646020
035 _aUPN01000197443
049 _aI
050 4 _aPZ74.7
_bK7.6a 2006
100 1 _aKrahn, Fernando,
_d1935-2010
_933111
245 1 1 _a¿Quién ha visto las tijeras? /
_ctexto e il. de Fernando Krahn.
250 _a2a ed.
260 _aPontevedra, Esp. :
_bKalandraka,
_c2006.
300 _a[49] p. :
_bprincipalmente il. col.
440 0 _aLibros para soñar
650 4 _aHUMORISMO INFANTIL
_915728
650 4 _aLiteratura infantil chilena
_915614
905 _aInfantil
999 _c169544
_d169544